La geografía escondida en el sistema educativo nacional / (Registro nro. 3877)
[ vista simple ]
| 000 -LEADER | |
|---|---|
| fixed length control field | 01213nam a2200241Ia 4500 |
| 003 - CONTROL NUMBER IDENTIFIER | |
| control field | OSt |
| 005 - DATE AND TIME OF LATEST TRANSACTION | |
| control field | 20200408122158.0 |
| 008 - FIXED-LENGTH DATA ELEMENTS--GENERAL INFORMATION | |
| fixed length control field | 191128s2016 ck gr 000 0 spa d |
| 020 ## - INTERNATIONAL STANDARD BOOK NUMBER | |
| International Standard Book Number | 9789585971103 |
| 040 ## - CATALOGING SOURCE | |
| Original cataloging agency | CO-JMCR |
| Transcribing agency | CO-JMCR |
| 041 0# - LANGUAGE CODE | |
| Language code of text/sound track or separate title | spa |
| 082 04 - DEWEY DECIMAL CLASSIFICATION NUMBER | |
| Classification number | 300.71 / |
| Item number | P981g |
| 100 1# - MAIN ENTRY--PERSONAL NAME | |
| Personal name | Pulgarin Silva, Raquel, |
| Relator term | Compiladora |
| 9 (RLIN) | 2807 |
| 245 #0 - TITLE STATEMENT | |
| Title | La geografía escondida en el sistema educativo nacional / |
| Remainder of title | Memorias de Expogeográfica 2014, parte I - Educación geográfica / |
| Statement of responsibility, etc. | Raquel Pulgarín Silva, Eufrasio Bernal Duffo, |
| 260 ## - PUBLICATION, DISTRIBUTION, ETC. | |
| Place of publication, distribution, etc. | Bogotá : |
| Name of publisher, distributor, etc. | Sociedad geográfica de colombia, |
| Date of publication, distribution, etc. | 2016 |
| 300 ## - PHYSICAL DESCRIPTION | |
| Extent | 187 páginas ; |
| Dimensions | 22 cm. |
| 490 0# - SERIES STATEMENT | |
| Series statement | Exposiciones geográficas ; |
| Volume/sequential designation | 10 |
| 505 ## - FORMATTED CONTENTS NOTE | |
| Formatted contents note | Tensiones de la geografía escolar colombiana dentro del campo de las ciencias sociales y su disiplina referente / Alejandra Tobar Caro -- A geografia escolar |
| 520 ## - SUMMARY, ETC. | |
| Summary, etc. | En el 2014, la sociedad geográfica de Colombia llevó a cabo la primera versión de Expogeográfica, un certamen que ha tenido como objetivo mover en el mismo sentido a todos los sectores de la geografía nacional. |
| 650 14 - SUBJECT ADDED ENTRY--TOPICAL TERM | |
| Topical term or geographic name entry element | Geografía escolar |
| 9 (RLIN) | 2809 |
| 700 1# - ADDED ENTRY--PERSONAL NAME | |
| Personal name | Bernal Duffo, Eufracio, |
| Relator term | Compilador |
| 9 (RLIN) | 2808 |
| 942 ## - ADDED ENTRY ELEMENTS (KOHA) | |
| Source of classification or shelving scheme | Dewey Decimal Classification |
| Koha item type | Books |
| Withdrawn status | Lost status | Source of classification or shelving scheme | Materials specified (bound volume or other part) | Damaged status | Not for loan | Home library | Current library | Shelving location | Date acquired | Source of acquisition | Cost, normal purchase price | Total Checkouts | Full call number | Barcode | Date last seen | Copy number | Price effective from | Koha item type |
|---|---|---|---|---|---|---|---|---|---|---|---|---|---|---|---|---|---|---|
| Dewey Decimal Classification | Donación--01/12/2017-- | Biblioteca Pública José María del Castillo y Rada | Biblioteca Pública José María del Castillo y Rada | General Stacks | 11/28/2019 | Donación | 0.00 | 300.71 / P981g | 201808446 | 05/16/2024 | Ej.1 | 11/28/2019 | Books |